000 00502nam a2200169Ia 4500
999 _c28132
_d28132
003 OSt
005 20210106100419.0
008 190216s9999||||xx |||||||||||||| ||und||
040 _coclc
082 _a894.8122
_bBAL/A
100 _aBalakrishnan, K P
_98152
245 0 _aAsthamayathinte Dukham /
_cK P Balakrishnan
260 _bPoorna Publications,
_c1992.
_aKozhikode:
300 _a155p
650 _aMalayalam Nadakam
942 _cBK
_2ddc
_h894.8122
_iBAL/A
_k894.8122
_mBAL/A